| 000 | 00898nam a22002897a 4500 | ||
|---|---|---|---|
| 003 | CHAP | ||
| 005 | 20220329134145.0 | ||
| 008 | 971013s1979 r 00010 d | ||
| 010 | _a16273 | ||
| 011 | _a17245 | ||
| 035 | _a21328 | ||
| 040 | _cCHAP | ||
| 082 |
_a574.192 _bH6 1979 |
||
| 100 | 0 | 0 |
_aHolum, John R. _956028 |
| 245 | _aElements of general and biological chemistry an introduction to the molecular basis of life | ||
| 250 | _a5 ed. | ||
| 260 |
_aNew York : _bWiley, _c1979 |
||
| 300 |
_a571 p. _b: ilus. ; gráfs. |
||
| 590 |
_aBATCH-UPD _b10 _c20130110 _lUCH01 _h2045 |
||
| 590 |
_aBATCH-UPD _b10 _c20130410 _lUCH01 _h1358 |
||
| 590 |
_aBATCH-UPD _b10 _c20130914 _lUCH01 _h0643 |
||
| 590 |
_aCONVERSION _b10 _c20130109 _lUCH01 _h1310 |
||
| 650 | 1 | 4 |
_aBioquímica. _912849 |
| 901 | _aBK | ||
| 942 | _cLIBRO | ||
| 949 |
_a574.192 H6 1979 _bBC _cLIBRO _d33724000471801 _eLIBRO _h40791 _i21328 _si |
||
| 999 |
_c16273 _d16273 |
||